| 000 | 00694nam a22002417a 4500 | ||
|---|---|---|---|
| 005 | 20170124105916.0 | ||
| 010 | _a808709 | ||
| 020 | _c00 | ||
| 035 | _a808709 | ||
| 037 | _bCen Lib/Ret | ||
| 040 |
_aDPL _bEN |
||
| 082 |
_a016.30136 _bBOS |
||
| 100 |
_aBose, Ashish _9106832 |
||
| 245 |
_aBibliography on urbanization in india ( 1947-1976) / _cby Ashish Bose |
||
| 246 | _b | ||
| 260 |
_bTat Mcgraw Hill Publishing _c1976 _aNew Delhi |
||
| 270 |
_bNew Delhi _a 12/24, Asaf Ali Road |
||
| 300 |
_axxxi,179p. _c23cm(Hb) |
||
| 500 | _aincludes index | ||
| 650 |
_aBibliographies _9901 |
||
| 650 |
_aUrbanizations _x _9106833 |
||
| 942 |
_2ddc _cEN _h016.30136 _mBOS |
||
| 999 |
_c122875 _d122875 |
||